000 00581nam a2200193 i 4500
001 61034
003 ES-MaACL
005 20230906164343.0
007 t|
008 031110s1911 ag |||| | spa d
100 1 _aEspora, Juan M.
_947938
245 1 0 _aEpisodios nacionales /
_cpor Juan M. Espora.
250 _a12ª ed.
260 _aBuenos Aires :
_bGabant y Cía.,
_c1911.
300 _a214 p. ;
_c19 cm.
651 4 _aArgentina-
_xHistoria-
_y1810-1817, Guerra de la Independencia.
_97808
651 4 _aArgentina-
_xHistoria-
_y1817-1860.
_9146569
852 _aES-MaACL
_jD-639
999 _c61034
_d61034